[Event "NED-ch53"]
[Site "Rotterdam"]
[Date "1998.06.23"]
[Round "3"]
[White "Nikolic, Predrag"]
[Black "Van Wely, Loek"]
[Result "1-0"]
[WhiteElo "2635"]
[BlackElo "2605"]
[Annotator "Stohl,I"]
[PlyCount "81"]
[EventDate "1998.06.21"]
[EventType "tourn"]
[EventRounds "11"]
[EventCountry "NED"]
[EventCategory "12"]
[SourceTitle "CBM 066"]
[Source "ChessBase"]
[SourceDate "1998.09.30"]
[SourceVersion "1"]
[SourceVersionDate "1998.09.30"]
[SourceQuality "1"]

1. Nf3 Nf6 2. c4 c5 3. g3 b6 4. Bg2 Bb7 5. O-O e6 ({The "classical" hedgehog
move, but eminently playable and at least as good is} 5... g6) 6. Nc3 Be7 {
This is the oldest move order. Only in the second half of the eighties Black
players tried to find some way to avoid several rather unpleasant lines. This
lead to the increased usage of} ({and especially} 6... a6 $5 {As it usually
goes, White also got to work and the most important weapon against these
subvariations is the aggressive} 7. Re1 $5 d6 8. e4 Nbd7 9. d4 cxd4 10. Nxd4
Qc7 11. Be3 Be7 12. Rc1 {or even} (12. f4 $5 {In this line, compared to other
hedgehog positions, White has far more realistic chances for a successful
K-side pawn storm, which some Black players prefer to avoid.})) (6... d6) 7. d4
({Now} 7. Re1 {can lead to a different type of position altogether after} d5 $5
8. cxd5 Nxd5 (8... exd5 9. d4 O-O $132) 9. e4 Nxc3 10. bxc3 O-O $13) 7... cxd4
8. Qxd4 {A well-known strategic axiom says exchanges help the cramped defender.
Here this rule is valid. e.g.} (8. Nxd4 Bxg2 9. Kxg2 Qc8 10. Qd3 Nc6 11. b3 O-O
12. Bb2 Rd8 $11 {with easy equality for Black.}) 8... O-O {Again an important
crossroad. Black can play also} (8... Nc6 9. Qf4 O-O (9... Qb8 $143 $6 10.
Qxb8+ (10. Nb5 $5) 10... Rxb8 11. Bf4 Rc8 12. Nb5 Ne4 13. Rad1 g5 $6 14. Nxg5
$1 Nxg5 15. Bxg5 Bxg5 16. Nd6+ Ke7 17. Nxb7 f5 18. Nd6 Rb8 19. e3 Bf6 20. Rd2
a6 21. Rfd1 Rhd8 22. f4 Na5 23. Rc2 Nc6 24. Rcd2 Na5 25. b3 Bc3 26. Rd3 Bb4 27.
e4 $16 {Sosonko,G-Van der Sterren,P/Rotterdam NLD-ch/1998/})) ({But the whole
"hedgehog" concept became famous due to the move} 8... d6 {Some 20 or more
years ago Ljubojevic, Browne and especially Andersson became the first
pioneers of this seemingly cramped, but very flexible set-up. Gradually also
strategies for White have been developed:} {Uhlmann still adopts the so called
central system} 9. e4 ({A good example is} 9. Bg5 a6 10. Bxf6 Bxf6 11. Qf4 $14
(11. Qd3 $5)) ({In certain cases an endgame can be very advantageous for White,
e.g.} 9. b3 O-O (9... Nbd7 $142 10. Nb5 d5 11. Bf4 O-O $132) 10. Rd1 Nbd7 11.
e4 a6 $6 12. Ba3 Nc5 13. e5 dxe5 14. Qxd8 $1 Rfxd8 15. Nxe5 Bxg2 16. Kxg2 Rdc8
17. Na4 Rab8 18. Bxc5 bxc5 19. Rd3 Rb7 20. f4 Kf8 21. g4 Rcc7 22. Rad1 $16 {
[%csl Ra6,Rc5,Gf4,Gg4][%cal Gd1d8] _|_,><a6,c5,<->d,()>>,Vaganian,R-Nogueiras,
J/Rotterdam WCup/ 1989/}) 9... a6 10. Qe3 O-O 11. Nd4 {[%csl Gc3,Gc4,Gd4,Ge3,
Ge4] but nowadays more popular are methods, connected with a change of the
character of the position (advantageous exchange, change of pawn structure etc.
)}) 9. Bf4 $5 {An older move, White relies on piece play. Nikolic maybe also
tests his young opponent: do you know anything about the older games?} ({
Currently the most ambitious attempt is considered to be} 9. b3 Nc6 (9... d6
$143 $6 10. Rd1 a6 11. Ba3 Ne8 12. Ne4 $16) 10. Qf4 Qb8 11. Rd1 Rd8 12. Bb2 (
12. Qxb8 Raxb8 13. Bf4 Rbc8 14. Bd6 Bxd6 15. Rxd6 Ne8 16. Rd2 d5 $5 17. cxd5
Nb4 18. Nb5 a6 19. Na7 Rc7 20. Nc6 Bxc6 21. dxc6 Rxd2 22. Nxd2 Nxc6 23. Rd1 Kf8
24. Nc4 b5 25. Bxc6 Rxc6 26. Ne5 Rd6 27. Nd3 e5 $5 $132 {Kurajica,B-Piket,J/
Sarajevo Bosnia/1998/}) 12... d6 $142 $5 {() Although official theory favours
White, in practice it's extremely difficult to give White's slight edge any
concrete form.} (12... Qxf4 $143 13. gxf4 Na5 14. Nd4 $1 Bxg2 (14... d5 15.
cxd5 Nxd5 16. Nxd5 Bxd5 17. Nf5 $1 Bf8 18. Bxd5 exd5 19. Rd3 $16 {[%csl Rd5]
|^,><d5,Karpov,An-Andersson,U/Marostico m/1989/}) 15. Kxg2 d5 16. cxd5 Nxd5 17.
Nxd5 Rxd5 18. e4 Rdd8 19. Rac1 a6 20. f5 $1 $36 {[%csl Gd4,Ge4,Gf5] [+],Benko,
P-Saidy,A/USA-ch/1969/}) 13. Rd2 a6 14. Rad1 b5 $1 15. Ne4 Nxe4 16. Qxe4 Ne5
17. Qe3 Nxf3+ 18. Bxf3 bxc4 19. bxc4 Bxf3 20. Qxf3 Qc7 $11 {1/2,Van der
Sterren,P-Van Wely,L/Rotterdam NLD-ch/1998/}) (9. e4 d6 {leads to the
aforementioned Uhlmann positions.}) 9... d6 $6 {A typical move, also creating
a direct threat. But Black shouldn't forget the Hedgehog scheme a6,b6,d6,e6 is
not the only aim in this line, a timely d7-d5 can solve his problems
completely.} ({Therefore} 9... Nc6 $142 $1 10. Qd2 Na5 11. b3 d5 (11... Bb4 $5
12. Qb2 d5 $132) 12. cxd5 ({Too ambitious is} 12. Ne5 $143 $6 Rc8 13. Rfd1 Qe8
$1 $36 {/\14.cd5 Bb4, Alburt,L-Savon,V/Ashkhabad/1978/}) 12... Nxd5 $11) 10.
Qd2 Qc8 ({But maybe Black could have saved a tempo by} 10... Qc7 $5 11. Rac1 ({
Too aggressive is} 11. Nb5 Qxc4 12. a4 $5 (12. Nxd6 Bxd6 13. Bxd6 (13. Qxd6
Qxe2 14. Nd4 Qa6 $17) 13... Ne4 $36) 12... Ne4 13. Qd3 Qxd3 14. exd3 Nc5 15. d4
Nca6 (15... Nd3 $5 16. Nc7 Nxf4 $44) 16. Bxd6 Bxd6 17. Nxd6 Bd5 $11) 11... a6
$14) (10... d5 $6 11. Ne5 $16 {[%csl Rb8] פb8, is now completely different.})
11. Rac1 Rd8 (11... Qxc4 $6 12. Bxd6 (12. Ne5 $2 Qa6 $17) 12... Bxd6 (12... Rd8
$143 13. Nd5 $1 Qxd5 14. Bxe7 Qxd2 15. Nxd2 Bxg2 16. Bxd8 Bxf1 17. Rc8 $1 Ne8
18. Bxb6 $18) 13. Qxd6 $32 {[%csl Rc4] ףc4}) (11... e5 $2 12. Bg5 $16 {
[%csl Rd5,Rd6] ><d5,d6 should be avoided even in the future.}) 12. Rfd1 a6 ({
Not completely clear, but very risky is} 12... Qxc4 $6 13. e4 $1 {[%cal Rc3d5]
/\Nd5} Nc6 (13... Nxe4 $2 14. Nxe4 Qxe4 15. Ne1 $18) (13... Qb4 14. e5 Ne8 15.
Nd5 $1 $16) (13... Qa6 14. Nd4 $5 $40 {[%csl Ra6] ףa6}) 14. Nd5 Qxa2 15. Ra1
$142 $1 (15. Nxe7+ Nxe7 16. Rc7 (16. Ra1 Qc4 $1 17. Rdc1 Qb5 {and the Q
escapes.}) 16... Bxe4 $1 17. Rxe7 Nd5 18. Rxf7 Bxf3 $17) 15... Nxe4 $5 (15...
Qb3 $2 16. Nxe7+ Nxe7 17. Nd4 $18) (15... Qc4 16. Rdc1 Nxe4 (16... Qb5 17. Rxc6
$1 exd5 18. Nd4 $16) 17. Rxc4 Nxd2 18. Nxe7+ (18. Rxc6 $2 Nxf3+ 19. Bxf3 Bf8 $1
$17) 18... Nxe7 19. Bxd2 $14 {is a somewhat weaker version of the main line.})
16. Rxa2 Nxd2 17. Nxe7+ Nxe7 18. Bxd2 $14 {White's piece should be worth more
than the 3 pawns.}) ({But Black should rather think about his development} 
12... Nbd7 $5 13. Qe1 Nf8 14. Nb5 Ne8 15. h4 a6 16. Nc3 Qc7 17. Be3 Rab8 $14 {
Romanishin,O-Garcia,Guil/Leningrad/1977/ Black has a passive, but playable
position, as is often the case with Hedgehog lines.}) 13. Qe3 Qc7 (13... Qc5 $2
14. Na4 $18) 14. Bh3 $1 {[%cal Rc3d5] /\Nd5} (14. Na4 Nbd7 15. b4 {[%cal Rc4c5]
/\c5} Ng4 $1 16. Qb3 Bc6 (16... e5 $5 17. Bd2 Ngf6 $132) 17. Nc3 Bb7 $11 {
stabilizes Black's position. Nikolic prevents Ng4 and creates a deadly threat.}
) 14... Qc5 $6 {Active defence, which unfortunately doesn't prevent the main
threat.} (14... Bf8 $142 $5 {More patient is} 15. Na4 (15. Nd5 exd5 16. cxd5
Qe7 17. Qxe7 Bxe7 18. Rc7 Bxd5 $1 (18... Nxd5 $2 19. Rxb7 Nxf4 20. gxf4 $16)
19. Rxe7 Nc6 20. Rc7 Ne8 $1 21. Rd7 Bxa2 22. Bxd6 Rxd7 23. Bxd7 Rd8 $1 $11)
15... Nbd7 16. b4 Bc6 $14 {but White's pressure is far from decisive.}) (14...
Nbd7 $2 15. Bxe6 $1 fxe6 16. Qxe6+ Kf8 17. Ng5 $18) (14... Nc6 $143 15. Nd5 $1
$40) 15. Nd5 $1 {A beautiful positional sacrifice.} (15. Na4 Qh5 $1 16. Bg2 (
16. Qxb6 $2 Bxf3 17. exf3 Qxh3 18. Qb7 Nbd7 $19) 16... Nbd7 $1 (16... Ng4 $2
17. Qxb6 Bxf3 18. exf3 Qxh2+ 19. Kf1 Nd7 20. Qb7 $16) 17. h3 (17. Nxb6 $6 Ng4
$36) (17. Bxd6 Ng4 $13) 17... Qa5 $1 $132 {enables Black to consolidate
gradually.} (17... b5 $2 18. g4 $18)) 15... Bxd5 $8 (15... exd5 16. Qxe7 Nc6
17. Qxb7 Ra7 18. b4 $18) (15... Qxe3 16. Nxe7+ Kf8 17. Bxe3 Kxe7 18. Bxb6 $18)
(15... Nxd5 16. cxd5 {-15...Bd5}) 16. cxd5 Qxe3 17. Bxe3 Nxd5 18. Rxd5 $1 {
Consistent.} exd5 19. Bxb6 Rf8 ({After} 19... Re8 {Black can't play even f5 or
Bd8 (due to Rc8).} 20. b4 $142 $1 $36 (20. Bc8 $5 a5 (20... Nc6 21. Bd7) 21.
Bb7 Nd7 22. Bxa8 Nxb6 23. Bb7 $14)) 20. b4 $1 (20. Bc8 $2 Nc6 $1 21. Bb7 Rab8
$17) (20. Rc7 $2 Bd8 $17 {White is no hurry. He prevents Black's pieces to
enter the game and plays for a possible zugzwang.}) 20... f5 {[%cal Rb8d7] /
\Nd7} (20... Bd8 $142 $5 21. Be3 a5 22. b5 a4 23. Rd1 $16 (23. Bf4 $16) (23.
Rb1 $5 $16)) 21. Be3 $1 {Simple, but brilliant. The only sensible move Nd7 is
prevented. White's pieces cooperate admirably.} Nd7 (21... Bd8 $143 $6 22. Nd4
g6 23. Bg2 $18) ({Black could keep his extra exchange with} 21... g5 $5 22.
Nxg5 d4 23. Bd2 Bxg5 24. Bxg5 Ra7 25. Rc4 $16 {[%csl Ra6,Rd4,Rd6,Rf5,Gg5,Gh3,
Rh7] +/-/+-,^^,ק but his position is practically lost.}) 22. Rc7 Rad8 23. Nd4
{[%cal Rd4e6,Rd4c6,Rh3f5,Rd4f5] /\Nc6,Ne6,Bf5 A triple attack! White gets the
exchange back with a winning positional advantage.} Bf6 24. Ne6 g6 (24... d4
25. Nxf8 Nxf8 (25... Kxf8 26. Bf4 $18) 26. Bd2 $18) 25. Bg2 d4 26. Bh6 Rfe8 $8
27. Nxd8 Rxd8 28. Bd5+ Kh8 29. h4 $6 (29. f4 $142 $1 Nb6 30. Bb3 $22 {[%csl
Rh8][%cal Rc7c6,Rc7f7] ->,/\Rf7,Rc6}) 29... Ne5 30. Bg5 Bxg5 31. hxg5 d3 32.
exd3 Nxd3 33. a3 $18 {[%csl Ra6,Rh8] ><a6,Kh8} Re8 34. Bc4 Ne5 35. Bxa6 h6 (
35... d5 36. f4 Ng4 37. Rc8 $18) 36. gxh6 d5 37. a4 $5 (37. Rc8 Rxc8 38. Bxc8
Nc4 39. b5 $18) 37... d4 (37... Rd8 38. Rc8 $18) 38. Rc5 d3 39. Kg2 g5 (39...
d2 40. Rd5 Ra8 41. Bb5 $18) 40. Bb5 Re6 41. Rd5 1-0

[Event "San Francisco"]
[Site "San Francisco"]
[Date "1991.??.??"]
[Round "11"]
[White "Ftacnik, Lubomir"]
[Black "Adianto, Utut"]
[Result "0-1"]
[WhiteElo "2590"]
[BlackElo "2470"]
[Annotator "Stohl,I"]
[PlyCount "90"]
[EventDate "1991.03.??"]
[EventType "tourn"]
[EventRounds "11"]
[EventCountry "USA"]
[EventCategory "12"]
[SourceTitle "CBM 023"]
[Source "ChessBase"]
[SourceDate "1991.08.01"]
[SourceVersion "1"]
[SourceVersionDate "1991.08.01"]
[SourceQuality "1"]

1. Nf3 Nf6 2. c4 b6 3. g3 c5 4. Bg2 Bb7 5. Nc3 e6 6. O-O Be7 7. d4 cxd4 8. Qxd4
d6 9. Rd1 a6 10. Bg5 Nbd7 11. Qd2 (11. Nd2 Bxg2 12. Kxg2 Rc8 (12... O-O $5 13.
Nde4 Qc7 14. Nxd6 Rfd8 15. Nde4 Qc6 16. f3 h6 $1 $10 {Watson}) 13. Nde4 Rc6 14.
Nxf6+ Bxf6 15. Bxf6 Nxf6 16. Ne4 Nxe4 17. Qxe4 Qc7 18. a4 O-O 19. b3 $14 {
><d6,()}) (11. Bxf6 Nxf6 12. Na4 Rb8 $1 13. c5 dxc5 (13... bxc5 $2 14. Nxc5
dxc5 15. Qa4+ Nd7 16. Ne5 $18) 14. Qe5 Bd5 15. e4 Nxe4 16. Qxg7 Bf6 17. Qh6 Qe7
{Wirthensohn,H-Greenfeld,A,EU-Cup Alschwil-Beersheva 1989} 18. Rac1 $5 b5 $15)
11... O-O (11... Rc8 12. Bf4 Bxf3 $5 13. exf3 Ne5 (13... Qc7 14. Bxd6 Qxd6 15.
Qxd6 Bxd6 16. Rxd6 Rxc4 17. Bf1 Rb4 18. Rb1 Ke7 19. Rdd1 b5 20. b3 $14 {
Stangl,M-Gheorghiu,F,Altensteig 1987-CBM 04}) 14. b3 O-O 15. Rac1 Qc7 16. Qe2
Qb8 17. Be3 $14 {Donaldson,J-Browne,W,Reno 1990}) 12. Bf4 Ne8 (12... d5 13.
cxd5 Nxd5 14. Nxd5 exd5 (14... Bxd5 15. e4 Bc6 16. Nd4 Bb7 17. Nxe6 $18) 15.
Ne5 (15. Rac1 $5 Nc5 16. b4 Ne4 17. Qb2 $16) 15... Nf6 16. Rac1 Rc8 17. Rxc8
Qxc8 18. Rc1 Qe6 19. Rc7 Ba8 $14 {<=>;Wojtkiewicz,A-Yermolinsky,A,New York op
1991-CBM 23}) 13. Rac1 (13. e4 Qc7 14. Rac1 Rd8 15. Qe2 Nef6 16. Nd2 Rfe8 {
Bönsch,U-Ftacnik,L,Trnava 1988-CBM 07} 17. b4 $1 $14 {Ftacnik}) 13... Qc7 (
13... Rc8 14. b3 h6 15. e4 Qc7 16. h4 Qb8 17. g4 $1 Nc5 18. e5 $14 {Georgiev,
Kir-Sokolov,A,Leningrad 1987-CBM 03}) 14. b3 Rd8 15. Ne1 (15. e4 $5 $14) 15...
Bxg2 16. Nxg2 Qb7 17. a4 {N} (17. Qe3 Ndf6 18. Qf3 $5 Rd7 19. Qxb7 Rxb7 20. a4
h6 21. f3 $14 {(),Romanishin,O-Brodsky,M,URS-sf Ukraine-ch Kherson,CBM 16})
17... Nc5 18. Qc2 a5 $5 {><b5<=>><b3} 19. Be3 (19. Nb5 d5 20. cxd5 Rxd5 21. Ne3
Rxd1+ 22. Rxd1 Nf6 $10) (19. e4 $142 Nf6 20. f3 $14) 19... f5 $1 $13 20. Bxc5 (
20. Nf4 g5 21. Bxc5 gxf4 22. Ba3 Rf7 $5 $13) 20... bxc5 21. e4 Bg5 22. Rb1 $2 (
22. f4 $8 Bf6 23. exf5 exf5 (23... Bd4+ 24. Kh1 Rxf5 25. Nb5 Bf6 26. Re1 $14)
24. Nb5 (24. Nd5 Bd4+ 25. Kh1 g6 $15 {/\Nf6}) 24... Nc7 25. Nxd6 Qa8 26. Nxf5
g6 $146) 22... f4 $1 $15 23. Rd3 Qf7 24. Rf3 Qg6 25. Rd1 (25. Ne2 $5 e5 26. Nc3
Nc7 $15) 25... Rd7 26. Ne2 $6 (26. Qe2 $142) 26... Rdf7 27. gxf4 (27. Kh1 Qh5
$40) 27... Bxf4 28. Nexf4 Rxf4 29. Rxf4 Rxf4 $17 30. Re1 Nf6 31. Qd2 e5 $1 (
31... Rxe4 32. Rxe4 Nxe4 33. Qxa5 $132) 32. f3 $8 (32. Qxd6 $2 Rg4 $19) 32...
Rxf3 33. Qxd6 h5 34. Qxe5 (34. Kh1 Qg4 {/\Ne4,h4->}) 34... h4 35. h3 (35. Kh1
h3 36. Nh4 Qg4 $19) 35... Kh7 $5 36. Re2 (36. Kh2 Rf2 37. Rg1 Nxe4 $19) 36...
Rxb3 37. Qf5 Qxf5 38. exf5 Rxh3 $19 39. Rf2 Rg3 40. Kh1 Ng4 41. Rf4 Kh6 42. Ne1
(42. Nxh4 Rh3+ 43. Kg2 Rxh4 44. Kg3 Kg5 $19) 42... Kg5 43. Rf3 Rxf3 44. Nxf3+
Kxf5 45. Nxh4+ Ke4 {[Stohl,I]} 0-1

[Event "Bundesliga 9900"]
[Site "Germany"]
[Date "2000.03.13"]
[Round "13.1"]
[White "Beliavsky, Alexander G"]
[Black "Ftacnik, Lubomir"]
[Result "1/2-1/2"]
[WhiteElo "2640"]
[BlackElo "2579"]
[Annotator "Stohl,I"]
[PlyCount "87"]
[EventDate "1999.10.09"]
[EventType "team-tourn"]
[EventRounds "15"]
[EventCountry "GER"]
[SourceTitle "CBM 076"]
[Source "ChessBase"]
[SourceDate "2000.05.31"]
[SourceVersion "1"]
[SourceVersionDate "2000.05.31"]
[SourceQuality "1"]
[WhiteTeam "Koenig Plauen"]
[BlackTeam "Hamburger SK"]
[WhiteTeamCountry "GER"]
[BlackTeamCountry "GER"]

1. c4 Nf6 2. Nc3 c5 3. Nf3 e6 4. g3 b6 5. Bg2 Bb7 6. O-O Be7 7. Re1 d5 8. cxd5
Nxd5 9. e4 Nb4 $5 {This move has long been considered inferior, but the
reasons were rather obscure. Ftacnik has successfully revived it in the last
Bundesliga rounds, but the whole line requires patient defence.} ({The more
usual continuation is} 9... Nxc3 10. bxc3 O-O) 10. d4 cxd4 11. Nxd4 N8c6 (11...
O-O $143 12. a3 N8c6 (12... N4c6 $6 13. e5 $16 {()} a6 14. Be3 Ra7 15. Nxc6
Bxc6 16. Qxd8 Bxd8 17. Rad1 Bc7 18. f4 Bxg2 19. Kxg2 Rd8 20. Na4 Rb7 21. Bxb6
Rd5 22. Rxd5 exd5 23. Rc1 {1-0,Ftacnik,L-Meduna,E/Marianske Lazne/1978/}) 13.
Nxc6 Nxc6 14. e5 $1 Qxd1 15. Rxd1 Rfd8 16. Be3 $14 Rab8 $6 17. Rxd8+ Nxd8 18.
Nb5 Bxg2 19. Kxg2 Nc6 20. Rc1 Nxe5 21. Nxa7 Bf6 22. b3 g5 23. Rc8+ Rxc8 24.
Nxc8 b5 25. Nd6 b4 26. a4 Nc6 27. Nb7 g4 28. a5 Nb8 29. Kf1 Kf8 30. Nc5 Nc6 31.
a6 {1-0,Kramnik,V-Karpov,A/Amber rapid/1999/}) 12. Nxc6 (12. Be3 Nxd4 13. Bxd4
O-O $11 {/\Nc2,Nc6}) 12... Qxd1 $1 {Black must be accurate.} (12... Nxc6 13.
Qg4 $1 (13. e5 Qxd1 14. Rxd1 Rb8 15. Be3 (15. Nb5 {-see game.}) 15... Nxe5 16.
Bf4 f6 17. Rac1 Bxg2 18. Kxg2 Rd8 19. Bxe5 fxe5 20. Nb5 a6 21. Rxd8+ Kxd8 22.
Rd1+ Kc8 23. Nd6+ Kc7 24. Nf7 Rf8 25. Nxe5 Bf6 26. Rc1+ Kb7 27. Nd7 Bxb2 28.
Rc2 Rf7 $11 {Vaganian,R-Portisch,L/Saint John cm/1988/}) 13... h5 14. Qe2 Bc5
15. Be3 Nd4 16. Bxd4 Qxd4 17. e5 Bxg2 18. Kxg2 Qd7 19. Qf3 Rc8 20. Rad1 Qc6 21.
Ne4 Be7 {Tsesarsky,I-Bar,R/Petah Tiqwa/1997/} 22. Rc1 Qa8 23. Rc7 $1 $18) 13.
Rxd1 Nxc6 (13... Bxc6 $5 {is perhaps the better recapture, White's advantage
is minimal at best.} 14. a3 $5 (14. Rb1 Rd8 15. Rxd8+ Bxd8 16. Bf4 Nd3 17. Bb8
Kd7 18. Bf1 Bf6 19. Bxa7 Nxb2 20. Rxb2 Bxc3 21. Rxb6 Ra8 22. Ra6 Bxe4 23. Bb5+
Kc8 24. Bb6 Rxa6 25. Bxa6+ Kd7 26. a4 Kc6 27. Be3 Kc7 28. Bb5 Bc6 $11 {Epishin,
V-Ftacnik,L/Bundesliga 9900/2000/}) (14. Bf4 Rd8 (14... g5 15. Bd6 Bxd6 16.
Rxd6 Ke7 17. e5 (17. Rad1 Rhd8 18. R6d4 a5 19. a3 Na6 20. e5 Bxg2 21. Kxg2 Nc5
22. Kf3 Rxd4 23. Rxd4 Nd7 24. Ke4 g4 25. Rc4 Rg8 26. Kf4 Rg6 $132 {Tratar,
M-Blechzin,I/Vienna op/1996/}) 17... Bxg2 18. Kxg2 Rhd8 19. Rad1 Rxd6 20. exd6+
Kd7 21. a3 Na6 22. Ne4 h6 23. Nf6+ Kc6 24. Ng4 f6 25. Nxf6 Rd8 26. Ng4 $18 {
Hoffman,A-Szmetan,J/San Martin/1993/}) 15. Rxd8+ Bxd8 16. Rd1 Na6 17. Bf1 Nc7
18. a4 g5 19. Be5 Rg8 20. f3 f6 21. Bd6 Rg7 22. Bc4 Rd7 23. b3 Kf7 24. Kf2 Be7
$11 {Larsen,B-Szmetan,J/Buenos Aires/1992/}) 14... Nc2 15. Ra2 Rd8 16. Rxd8+
Bxd8 17. b4 Nd4 18. Be3 Nb5 19. Nxb5 Bxb5 20. a4 Bd7 (20... Bc4 $5) 21. e5 O-O
{Ionescu,C-Kantorik,M/Pardubice op/1998/} 22. a5 $1 $14) 14. e5 Rb8 15. Nb5 O-O
16. Rd7 $146 (16. Bf4 g5 17. Rac1 gxf4 (17... Nb4 18. Rd7 Bxg2 19. Rxe7 gxf4
20. Kxg2 $36) 18. Bxc6 fxg3 19. hxg3 Bc5 20. Bxb7 Rxb7 21. Kg2 f6 22. exf6 Rxf6
23. f3 $14 {Larsen,B-Gligoric,S/Bled/1979/}) (16. Bxc6 $5 Bxc6 17. Nxa7 Bf3 (
17... Be8 18. Be3 $16 {/\} Rb7 19. Nc8) 18. Rd3 Be4 $44) (16. Nd6 Ba8 $11)
16... Rfd8 17. Rxd8+ (17. Rxb7 $4 Rd1+ 18. Bf1 Rxb7 $19) 17... Rxd8 18. Be3 Rd7
(18... a6 $2 19. Na7 $1 $16) 19. f4 Nb4 (19... a6 20. Rc1 (20. Nc3 b5 $132)
20... Nxe5 21. Bxb7 axb5 22. fxe5 Rxb7 23. Rc8+ Bf8 24. Bd2 $16 {|^}) 20. Bxb7
Rxb7 (20... Nc2 $2 21. Rc1 (21. Bc6 Rd8 22. Bxb6 axb6 $44) 21... Nxe3 22. Rc8+
Bf8 23. Nd6 Nf5 24. Bc6 $1 Re7 (24... Nxd6 25. Rb8 $1 Rc7 26. exd6 Rxc6 27. d7
$18) 25. Kf2 $16) 21. Rc1 h5 (21... Nxa2 22. Rc8+ Bf8 23. Nxa7 $5 Nb4 $14) 22.
Rc8+ Kh7 23. Ra8 a6 (23... Nd5 $142 24. Kf2 a5 $14 {/=}) 24. Nc3 Bc5 25. Kf2 (
25. Bxc5 bxc5 26. b3 $14) 25... h4 (25... Nd3+ 26. Ke2 Nxb2 27. Bxc5 bxc5 28.
Rxa6 $14) 26. Kf3 hxg3 27. hxg3 Bxe3 28. Kxe3 Rd7 29. a3 $6 (29. Ke2 $142 $1
$36) 29... Nc2+ 30. Ke2 Nd4+ 31. Kf2 Nf5 $1 $132 32. g4 (32. Rxa6 Rd2+ 33. Ke1
Rxb2 $11) 32... Nh6 33. Rxa6 (33. g5 Nf5 $11 {[%csl Rf4] ><f4}) 33... Rd2+ 34.
Kg3 Rxb2 35. Ne4 Kg6 36. Ng5 (36. Nd6 Rb3+ 37. Kh4 Rb1 $36) 36... Rb3+ 37. Nf3
f6 38. exf6 gxf6 39. a4 e5 $1 40. fxe5 (40. f5+ $2 Kg7 {[%csl Rg4][%cal Re5e4]
/\e4-+,><g4}) 40... Nf7 $1 41. Kf2 (41. exf6 Ng5 42. f7 $1 Kxf7 43. Rxb6 $11)
41... Nxe5 42. Nxe5+ fxe5 43. a5 Kg5 44. Rxb6 (44. Rxb6 Ra3 $11 {/\Kg4,Ra5})
1/2-1/2